000 01892nam0a2200361 4500
001 RU\NLR\bibl\391163
005 20260405103214.0
010 _a5-88789-121-1
_9200
021 _aRU
_b2003-16139
_9748
035 _a(NLR Aleph) 000385460
090 _a482319
_c482319
100 _a20030417d2003 |||y0rusy50 ca
101 0 _arus
102 _aRU
105 _aa |||||||||
200 1 _aСистемы передачи информации
_eУчеб. пособие
_fС.Ю. Неклюдов, А.А. Чертков
_gМ-во трансп. Рос. Федерации, С.-Петерб. гос. ун-т вод. коммуникаций
210 _aСПб.
_cСПбГУВК
_d2003
215 _a298 с.
_cил.
_d21
320 _aБиблиогр.: с. 296-298 (42 назв.)
606 0 _aКаналы связи
_jРуководства, пособия и т.п. для высшей школы
_xПередача данных
_9894730
_3RU\NLR\auth\664021
606 0 _aИнформация
_jУчебные издания для высшей школы
_xПередача
_92088555
_3RU\NLR\auth\661264362
606 0 _aЭлектрическая связь
_jРуководства, пособия и т.п. для высшей школы
_xСистемы
_92099142
_3RU\NLR\auth\661269761
606 0 _aЭлектросвязь
_jУчебные издания для высшей школы
_xСистемы
_92099139
_3RU\NLR\auth\661269760
686 _aЗ811.3я73-1
686 _aЗ88я73-1
700 1 _4070
_8rus
_7ca
_aНеклюдов
_bС. Ю.
_cканд. техн. наук
_f1951-
_gСергей Юрьевич
_3RU\NLR\auth\7738870
_921854
701 1 _aЧертков
_bА. А.
_gАлександр Александрович
_4070
801 0 _aRU
_bNLR
_c20030417
_gPSBO
801 1 _aRU
_bNLR
_c20030417
830 _aавт. по кн.
942 _cBOOK
980 _aNB